书目信息 |
| 题名: |
芽菜问答
|
|
| 作者: | 金东梅 编著 | |
| 分册: | ||
| 出版信息: | 北京 化学工业出版社 2000.6 |
|
| 页数: | 239页 | |
| 开本: | 20cm | |
| 丛书名: | ||
| 单 册: | ||
| 中图分类: | TS214.9 | |
| 科图分类: | ||
| 主题词: | 粮食加工--食品工业 , 粮食加工 | |
| 电子资源: | ||
| ISBN: | 7-5025-2841-5 | |
| 000 | 00575nam0 2200205 45 | |
| 001 | 8054344453 | |
| 005 | 1980011415054432 | |
| 010 | @a7-5025-2841-5@dRMB 12.00 | |
| 100 | @a19800114d2000 km y0chiy0120 ea | |
| 101 | 0 | @achi |
| 102 | @aCN@b110000 | |
| 200 | 1 | @a芽菜问答@Aya cai wen da@f金东梅等编著@Fjin dong mei deng bian zhu |
| 210 | @a北京@c化学工业出版社@d2000.6 | |
| 215 | @a239页@d20cm | |
| 606 | 0 | @a粮食加工@x食品工业 |
| 606 | 0 | @a粮食加工 |
| 690 | @aTS214.9@v3 | |
| 701 | 0 | @a金东梅@Ajin dong mei@4编著 |
| 801 | 0 | @aCN@bPFT@c19800114 |
| 905 | @a10447@dTS214.9@eJ764 | |
| 芽菜问答/金东梅等编著.-北京:化学工业出版社,2000.6 |
| 239页;20cm |
| ISBN 7-5025-2841-5:RMB 12.00 |
| ● |
| 相关链接 |
|
|
|
正题名:芽菜问答
索取号:TS214.9/J764
 
预约/预借
| 序号 | 登录号 | 条形码 | 馆藏地/架位号 | 状态 | 备注 |
| 1 | 359396 | 203593968 | 自科二线504/504自科库 44排6列3层/ [索取号:TS214.9/J764] | 在馆 | |
| 2 | 359397 | 203593977 | 自科二线504/110考试书库 4排2列2层/ [索取号:TS214.9/J764] | 在馆 |